Library Catalog

Defining God: (Record no. 492791)

MARC details
000 -LEADER
fixed length control field 00804nam a22002177a 4500
003 - CONTROL NUMBER IDENTIFIER
control field OSt
005 - DATE AND TIME OF LATEST TRANSACTION
control field 20260522092530.0
008 - FIXED-LENGTH DATA ELEMENTS--GENERAL INFORMATION
fixed length control field 260522b |||||||| |||| 00| 0 eng d
040 ## - CATALOGING SOURCE
Original cataloging agency Kenya National Library Service
082 ## - DEWEY DECIMAL CLASSIFICATION NUMBER
Classification number 231.044 WHI
100 ## - MAIN ENTRY--PERSONAL NAME
Personal name Whitworth, Patrick
Relator term author
245 ## - TITLE STATEMENT
Title Defining God:
Remainder of title Athanasius, Nicaea and the Trinitarian Controversy of the Fourth Century/
Statement of responsibility, etc. Patrick Whitworth ; forward by Mouneer H. Anis
300 ## - PHYSICAL DESCRIPTION
Extent 246 pages ;
Dimensions 22 cm
650 ## - SUBJECT ADDED ENTRY--TOPICAL TERM
Topical term or geographic name entry element Trinity — History of doctrines — Early church
650 ## - SUBJECT ADDED ENTRY--TOPICAL TERM
Topical term or geographic name entry element Christology — History — 4th century
650 ## - SUBJECT ADDED ENTRY--TOPICAL TERM
Topical term or geographic name entry element Church history — Primitive and early church
700 ## - ADDED ENTRY--PERSONAL NAME
Personal name Anis, Mouneer H.
Relator term author
942 ## - ADDED ENTRY ELEMENTS (KOHA)
Source of classification or shelving scheme Dewey Decimal Classification
Koha item type Books
Suppress in OPAC No
Holdings
Withdrawn status Source of classification or shelving scheme Damaged status Not for loan Home library Current library Date acquired Cost, normal purchase price Total checkouts Full call number Barcode Date last seen Price effective from Koha item type
  Dewey Decimal Classification     Buru Buru Library Acquisition, Cataloguing, Classification and Distribution Development 05/22/2026 1804.00   231.044 WHI B231581 05/22/2026 05/22/2026 Books

© 2025, Kenya National Library Service | Designed & Maintained by Uvumbuzi Center